[Event "Llinars del Valles op 11th B"]
[Site "Llinars del Valles"]
[Date "2017.05.20"]
[Round "5.24"]
[White "Garcia Extremera, Manuel"]
[Black "Herrera Grande, Placid"]
[Result "1-0"]
[WhiteElo "1426"]
[BlackElo "1274"]
[PlyCount "111"]
[EventDate "2017.04.22"]
[EventType "swiss"]
[EventRounds "9"]
[EventCountry "ESP"]
[SourceTitle "EXT 2024"]
[Source "ChessBase"]
[SourceDate "2023.10.10"]
[SourceVersion "1"]
[SourceVersionDate "2023.10.10"]
[SourceQuality "1"]

1. e4 c5 2. Nf3 d6 3. d4 cxd4 4. Nxd4 Nf6 5. Nc3 a6 6. Be2 e6 7. 0-0 Be7 8. Be3 Nbd7 9. f4 d5 10. e5 Ne4 11. Nxe4 dxe4 12. Bf2 0-0 13. c3 Qc7 14. Rc1 Nb6 15. Qc2 f5 16. Qb3 Nd5 17. Bg3 Bc5 18. Rfe1 b5 19. Kh1 Bd7 20. Bf1 Rfc8 21. Qd1 Nb6 22. b4 Bxd4 23. cxd4 Nc4 24. Bxc4 bxc4 25. Rc3 Bb5 26. Bf2 Qb6 27. Ree3 a5 28. a3 axb4 29. axb4 Ba4 30. Qc1 Qxd4 31. Qe1 Qd5 32. Re2 Bb3 33. h3 Qb5 34. Bc5 Rd8 35. Bd6 Ra4 36. Qh4 Ra1+ 37. Kh2 Qd7 38. Rg3 Rda8 39. Qh6 g6 40. h4 Bd1 41. Rd2 Bg4 42. Qg5 Qa7 43. Bc5 Qb7 44. Rd8+ Kg7 45. Bf8+ Kg8 46. Be7+ Rxd8 47. Bxd8 Kf8 48. Qf6+ Qf7 49. Qh8+ Qg8 50. Be7+ Kf7 51. Qf6+ Ke8 52. Rc3 Qf7 53. Qh8+ Kxe7 54. Rxc4 Ra7 55. Rc8 e3 56. Qd8# 1-0

[Event "Barcelona Catalunya op 26th"]
[Site "Barcelona"]
[Date "2014.10.11"]
[Round "3"]
[White "Garcia Extremera, Manuel"]
[Black "Ibarguen Riano, Alicia"]
[Result "1-0"]
[WhiteElo "1759"]
[BlackElo "1700"]
[PlyCount "29"]
[EventDate "2014.09.27"]
[EventType "swiss"]
[EventRounds "9"]
[EventCountry "ESP"]
[SourceTitle "EXT 2017"]
[Source "ChessBase"]
[SourceDate "2016.10.25"]
[SourceVersion "1"]
[SourceVersionDate "2016.10.25"]
[SourceQuality "1"]

1. d4 e6 2. e4 d5 3. Nc3 Bb4 4. Bd3 Bxc3+ 5. bxc3 Nf6 6. e5 Nfd7 7. Nf3 0-0 8. 0-0 h6 9. c4 c6 10. Ba3 Re8 11. Bd6 Na6 12. c3 b6 13. cxd5 exd5 14. Bc2 Nab8 15. Qd3 1-0

[Event "Barcelona Sant Marti op-B 16th"]
[Site "Barcelona"]
[Date "2014.07.19"]
[Round "7"]
[White "Garcia Extremera, Manuel"]
[Black "Maltsev, Andrey"]
[Result "0-1"]
[WhiteElo "1759"]
[BlackElo "1867"]
[PlyCount "58"]
[EventDate "2014.07.13"]
[EventType "swiss"]
[EventRounds "9"]
[EventCountry "ESP"]
[SourceTitle "CBM 161 Extra"]
[Source "ChessBase"]
[SourceDate "2014.08.29"]
[SourceVersion "1"]
[SourceVersionDate "2014.08.29"]
[SourceQuality "1"]

1. d4 Nf6 2. c4 g6 3. Nc3 d5 4. Nf3 Bg7 5. b3 c5 6. e3 Bg4 7. Bb2 cxd4 8. exd4 Nc6 9. cxd5 Nxd5 10. Bb5 0-0 11. Nxd5 Qxd5 12. Bc4 Qd6 13. 0-0 Bxf3 14. Qxf3 Bxd4 15. Rad1 e5 16. Bc1 Rad8 17. Bh6 e4 18. Qxe4 Rfe8 19. Qh4 Qc5 20. Rc1 Qb6 21. Bg5 Rd7 22. Bf6 Ne5 23. Bxe5 Rxe5 24. Qg3 Rde7 25. Rcd1 Rh5 26. Qb8+ Kg7 27. Rd2 Be5 28. Qd8 Bxh2+ 29. Kh1 Bc7+ 0-1

[Event "Foment Martinenc op-C 16th"]
[Site "Barcelona"]
[Date "2014.06.14"]
[Round "8"]
[White "Garcia Extremera, Manuel"]
[Black "Avila Lopez, Joan"]
[Result "1-0"]
[WhiteElo "1771"]
[BlackElo "1700"]
[PlyCount "153"]
[EventDate "2014.04.26"]
[EventType "swiss"]
[EventRounds "9"]
[EventCountry "ESP"]
[SourceTitle "EXT 2015"]
[Source "ChessBase"]
[SourceDate "2014.11.20"]
[SourceVersion "1"]
[SourceVersionDate "2014.11.20"]
[SourceQuality "1"]

1. d4 d5 2. c4 e6 3. Nc3 Nf6 4. b3 Bb4 5. Bb2 Ne4 6. Qc2 Qf6 7. e3 0-0 8. Nf3 c5 9. a3 cxd4 10. exd4 Ba5 11. b4 Bc7 12. cxd5 Nxc3 13. Qxc3 Qe7 14. dxe6 Qxe6+ 15. Be2 Bf4 16. d5 Qh6 17. g3 Bg5 18. h4 Bg4 19. Nxg5 Bxe2 20. Kxe2 Re8+ 21. Kf1 f6 22. Ne6 Na6 23. Nc5 Rac8 24. Bc1 Qh5 25. d6 Qd5 26. Rg1 Qxd6 27. Qc4+ Kh8 28. Bf4 Qe7 29. Qb5 Nxc5 30. bxc5 Rxc5 31. Qd3 Qe6 32. Kg2 Qc6+ 33. Kh2 Rd5 34. Qf3 g5 35. hxg5 fxg5 36. Be3 Rg8 37. Kg2 g4 38. Qe2 Rd2+ 39. Kf1 Rxe2 40. Kxe2 Re8 41. Rac1 Qf3+ 42. Kd2 Rd8+ 43. Ke1 Qd5 44. Rb1 b6 45. Rf1 Qa5+ 46. Rb4 h5 47. Ke2 Qxa3 48. Rfb1 Qd3+ 49. Ke1 Re8 50. R1b3 Qd5 51. Rb5 Qh1+ 52. Ke2 Qf3+ 53. Ke1 Qh1+ 54. Ke2 Rd8 55. Rb1 Qf3+ 56. Ke1 Qf7 57. R1b4 Rd5 58. Rf4 Qxf4 59. Bxf4 Rxb5 60. Ke2 a5 61. Kd3 a4 62. Kc4 Rb1 63. Bd6 Rb2 64. Be5+ Kh7 65. Bxb2 Kg6 66. Kb5 Kf5 67. Kxa4 Ke4 68. Bc1 Kd5 69. Kb5 Ke4 70. Be3 Kf3 71. Kxb6 Ke4 72. Kc6 Kf3 73. Kd6 Ke4 74. Ke6 Kf3 75. Kf5 Kg2 76. Kg5 Kh3 77. Kxh5 1-0

[Event "Foment Martinenc op-C 16th"]
[Site "Barcelona"]
[Date "2014.05.17"]
[Round "4"]
[White "Garcia Extremera, Manuel"]
[Black "Bes Alvarez, Alex"]
[Result "1-0"]
[WhiteElo "1771"]
[BlackElo "1700"]
[PlyCount "139"]
[EventDate "2014.04.26"]
[EventType "swiss"]
[EventRounds "9"]
[EventCountry "ESP"]
[SourceTitle "EXT 2015"]
[Source "ChessBase"]
[SourceDate "2014.11.20"]
[SourceVersion "1"]
[SourceVersionDate "2014.11.20"]
[SourceQuality "1"]

1. c4 c5 2. Nc3 Nc6 3. Nf3 d6 4. g3 Bg4 5. Bg2 Qd7 6. h3 Bf5 7. e4 Be6 8. d3 Nf6 9. Be3 g6 10. Ng5 0-0-0 11. Nxe6 Qxe6 12. Bf3 Kb8 13. Qa4 Qd7 14. a3 b6 15. 0-0-0 e5 16. g4 Nd4 17. Qxd7 Nxd7 18. Bg2 h5 19. Kb1 Bh6 20. g5 Bg7 21. f4 f6 22. Rhf1 fxg5 23. fxg5 Rhf8 24. Nd5 Rxf1 25. Rxf1 Rf8 26. Ne7 Rxf1+ 27. Bxf1 Nb3 28. Nxg6 Nf8 29. Ne7 Kc7 30. Be2 Kd7 31. Nf5 Ne6 32. Bxh5 Nbd4 33. Bg4 Kc6 34. h4 Nxf5 35. exf5 Nf4 36. Bf3+ Kd7 37. Be4 a6 38. f6 Bh8 39. g6 Bxf6 40. Bf5+ Ke8 41. Bf2 Kf8 42. Kc2 Kg7 43. Kd2 Nxg6 44. h5 Nf4 45. Bg4 Bg5 46. Be3 Kh6 47. Bxf4 Bxf4+ 48. Ke2 Kg5 49. Bf3 Bc1 50. a4 Bxb2 51. Ke3 Kh4 52. Ke4 Bc1 53. Kd5 Kg3 54. Be4 Bg5 55. Kxd6 Bf6 56. h6 a5 57. Kc6 Bd8 58. h7 Bf6 59. Kxb6 Kf2 60. Kxc5 Ke3 61. Kb5 Kd4 62. c5 Kc3 63. c6 Kb3 64. c7 Ka3 65. c8Q Bd8 66. Qc3+ Ka2 67. Bd5+ Kb1 68. Bb3 e4 69. Qc2+ Ka1 70. Qa2# 1-0

[Event "Foment Martinenc op-C 16th"]
[Site "Barcelona"]
[Date "2014.05.10"]
[Round "3"]
[White "Ylla Soro, Rafael"]
[Black "Garcia Extremera, Manuel"]
[Result "1-0"]
[WhiteElo "1727"]
[BlackElo "1771"]
[PlyCount "101"]
[EventDate "2014.04.26"]
[EventType "swiss"]
[EventRounds "9"]
[EventCountry "ESP"]
[SourceTitle "EXT 2015"]
[Source "ChessBase"]
[SourceDate "2014.11.20"]
[SourceVersion "1"]
[SourceVersionDate "2014.11.20"]
[SourceQuality "1"]

1. e4 c5 2. Nc3 d6 3. g3 Nd7 4. Bg2 a6 5. Nge2 g6 6. 0-0 Bg7 7. d3 e6 8. Bf4 Qc7 9. Qd2 Ne7 10. Nd1 e5 11. Bh6 0-0 12. Bxg7 Kxg7 13. Ne3 Nf6 14. Nc3 Be6 15. Ncd5 Nexd5 16. Nxd5 Nxd5 17. exd5 Bd7 18. c4 f5 19. f4 b5 20. b3 b4 21. Rae1 Rae8 22. Qb2 Kg8 23. Qd2 Rf7 24. fxe5 dxe5 25. Qg5 Qd6 26. a3 a5 27. axb4 cxb4 28. Qe3 f4 29. gxf4 exf4 30. Qf2 Rc8 31. Qd4 g5 32. Ra1 Qc5 33. Qxc5 Rxc5 34. d4 Rc8 35. Rxa5 g4 36. d6 f3 37. Bh1 Rg7 38. Kf2 Re8 39. Re5 Re6 40. Rxe6 Bxe6 41. d5 Bf5 42. Re1 Kf8 43. c5 Rg5 44. Re5 Rh5 45. Kg1 f2+ 46. Kxf2 Rxh2+ 47. Kg1 Rh5 48. d7 Bg6 49. d8Q+ Kg7 50. Qe7+ Kg8 51. Rxh5 1-0

[Event "Barcelona U2000 op"]
[Site "Barcelona"]
[Date "2013.06.22"]
[Round "2.7"]
[White "Nadal Fajardo, Ricard"]
[Black "Garcia Extremera, Manuel"]
[Result "1-0"]
[WhiteElo "1932"]
[BlackElo "1431"]
[PlyCount "78"]
[EventDate "2013.06.22"]
[EventType "swiss"]
[EventRounds "7"]
[EventCountry "ESP"]
[SourceTitle "EXT 2024"]
[Source "ChessBase"]
[SourceDate "2023.10.10"]
[SourceVersion "1"]
[SourceVersionDate "2023.10.10"]
[SourceQuality "1"]

1. e4 c6 2. d4 d5 3. exd5 cxd5 4. Bd3 Nc6 5. c3 Nf6 6. Bf4 g6 7. Nf3 Bg7 8. Nbd2 0-0 9. h3 Bd7 10. 0-0 Ne8 11. Re1 f6 12. Qb3 e6 13. Re2 Qb6 14. Qxb6 axb6 15. a4 e5 16. dxe5 fxe5 17. Bxe5 Nxe5 18. Nxe5 Bxe5 19. Rxe5 Nf6 20. Bc2 Rfe8 21. Rxe8+ Rxe8 22. Kf1 Ne4 23. Nxe4 dxe4 24. Bb3+ Kg7 25. Bd5 Bc6 26. Bxc6 bxc6 27. Rd1 Kf6 28. Rd6+ Re6 29. Rxe6+ Kxe6 30. b4 Kd6 31. Ke2 c5 32. a5 bxa5 33. bxa5 Kc6 34. c4 Kb7 35. Ke3 Ka6 36. Kxe4 Kxa5 37. Kd5 Kb4 38. f4 h6 39. g4 h5 1-0

[Event "Foment Martinenc op-B 15th"]
[Site "Barcelona"]
[Date "2013.05.04"]
[Round "3"]
[White "Garcia Extremera, Manuel"]
[Black "Cespedes Llaverias, Llibert"]
[Result "0-1"]
[WhiteElo "1431"]
[BlackElo "1353"]
[PlyCount "62"]
[EventDate "2013.04.20"]
[EventType "swiss"]
[EventRounds "9"]
[EventCountry "ESP"]
[SourceTitle "CBM 154 Extra"]
[Source "ChessBase"]
[SourceDate "2013.06.25"]
[SourceVersion "2"]
[SourceVersionDate "2013.06.25"]
[SourceQuality "1"]

1. d4 d5 2. c4 e6 3. Nc3 Nf6 4. Nf3 Nbd7 5. c5 Be7 6. Bf4 c6 7. b4 b6 8. Ne5 Nxe5 9. Bxe5 0-0 10. e3 Nd7 11. Bf4 e5 12. dxe5 bxc5 13. bxc5 Nxc5 14. Be2 Qa5 15. Rc1 Ne4 16. Qb3 Nxc3 17. Rc2 Ne4+ 18. Kd1 Nxf2+ 19. Kc1 Ba3+ 20. Kb1 Nxh1 21. Bd1 Bf5 22. e4 Rab8 23. Bd2 Rxb3+ 24. axb3 Bb4 25. Ra2 Bxe4+ 26. Bc2 Bxc2+ 27. Rxc2 Bxd2 28. Ra2 Qc3 29. Rc2 Qxb3+ 30. Rb2 Qd1+ 31. Ka2 Bc3 0-1

[Event "Foment Martinenc op-B 15th"]
[Site "Barcelona"]
[Date "2013.04.27"]
[Round "2"]
[White "Garcia Acosta, Carla"]
[Black "Garcia Extremera, Manuel"]
[Result "1/2-1/2"]
[WhiteElo "1548"]
[BlackElo "1431"]
[PlyCount "54"]
[EventDate "2013.04.20"]
[EventType "swiss"]
[EventRounds "9"]
[EventCountry "ESP"]
[SourceTitle "CBM 154 Extra"]
[Source "ChessBase"]
[SourceDate "2013.06.25"]
[SourceVersion "2"]
[SourceVersionDate "2013.06.25"]
[SourceQuality "1"]

1. e4 e5 2. Nf3 Nc6 3. Bc4 Nf6 4. d3 Be7 5. c3 0-0 6. 0-0 b6 7. Nbd2 Bb7 8. Re1 d6 9. Nf1 Na5 10. Bb5 a6 11. Ba4 b5 12. Bc2 c5 13. Ng3 Bc8 14. b4 cxb4 15. cxb4 Nc6 16. a3 Be6 17. Bb3 Bxb3 18. Qxb3 Rc8 19. Nf5 Rc7 20. Be3 Nd7 21. Rac1 Qe8 22. Rc2 Ndb8 23. Rec1 Qd7 24. Qd5 Rfc8 25. Bb6 Rb7 26. Be3 Rbc7 27. Ng5 Bf8 1/2-1/2

[Event "Barcelona La Lira op-C 14th"]
[Site "Barcelona"]
[Date "2011.07.29"]
[Round "7"]
[White "Garcia Extremera, Manuel"]
[Black "Camprubi Guijarro, Albert"]
[Result "0-1"]
[WhiteElo "1515"]
[BlackElo "1700"]
[PlyCount "60"]
[EventDate "2011.07.23"]
[EventType "swiss"]
[EventRounds "9"]
[EventCountry "ESP"]
[SourceTitle "EXT 2024"]
[Source "ChessBase"]
[SourceDate "2023.10.10"]
[SourceVersion "1"]
[SourceVersionDate "2023.10.10"]
[SourceQuality "1"]

1. Nf3 e6 2. c4 d5 3. cxd5 exd5 4. d4 Nc6 5. Nc3 Nf6 6. g3 Bf5 7. Bg2 Nb4 8. e4 Nxe4 9. a3 Nxc3 10. bxc3 Nc2+ 11. Kf1 Nxa1 12. Qe2+ Be7 13. Bg5 f6 14. Nh4 Bd3 15. Qxd3 fxg5 16. Nf5 0-0 17. Bxd5+ Kh8 18. Nxe7 Qxe7 19. c4 c6 20. Be4 Qf6 21. Qe3 Rae8 22. f3 Nc2 23. Qd3 Nxd4 24. Kg2 h5 25. h4 Nxf3 26. Bxf3 g4 27. Rf1 Qb2+ 28. Kg1 gxf3 29. Rxf3 Rxf3 30. Qxf3 Re1+ 0-1

[Event "Barcelona Primavera La Lira op 4th"]
[Site "Barcelona"]
[Date "2011.06.02"]
[Round "9"]
[White "Garcia Extremera, Manuel"]
[Black "Romero Gamez, Francisco Javier"]
[Result "0-1"]
[WhiteElo "1515"]
[BlackElo "1605"]
[PlyCount "92"]
[EventDate "2011.03.31"]
[EventType "swiss"]
[EventRounds "9"]
[EventCountry "ESP"]
[SourceTitle "EXT 2012"]
[Source "ChessBase"]
[SourceDate "2011.11.24"]
[SourceVersion "1"]
[SourceVersionDate "2011.11.24"]
[SourceQuality "1"]

1. d4 Nf6 2. Nc3 g6 3. e4 d6 4. Nf3 Bg7 5. g3 0-0 6. Bg2 e5 7. d5 a5 8. 0-0 Na6 9. Be3 Bd7 10. a3 b5 11. Qd3 b4 12. Ne2 Ng4 13. axb4 Nxb4 14. Qd2 Nxe3 15. fxe3 Bb5 16. b3 c5 17. c4 Bd7 18. Nc3 Bh6 19. Nb5 Bxb5 20. cxb5 Qb6 21. Rfe1 Qxb5 22. Bf1 Qb6 23. Bc4 Qd8 24. g4 Ra7 25. h4 f5 26. g5 fxe4 27. Nh2 Bg7 28. Ng4 Qd7 29. Be2 Nd3 30. Rf1 Rxf1+ 31. Rxf1 a4 32. Nf6+ Bxf6 33. gxf6 axb3 34. f7+ Kf8 35. Qd1 b2 36. Bxd3 exd3 37. Qxd3 Qg4+ 38. Kf2 Qxh4+ 39. Ke2 Qg4+ 40. Kd2 Qb4+ 41. Kc2 Ra1 42. Rb1 Rxb1 43. Kxb1 c4 44. Qe4 Qa3 45. Qxc4 Qa1+ 46. Kc2 Qc1+ 0-1

[Event "Barcelona La Lira op 29th"]
[Site "Barcelona"]
[Date "2011.01.28"]
[Round "3"]
[White "Garcia Extremera, Manuel"]
[Black "Espejo Arnau, Sergi"]
[Result "0-1"]
[WhiteElo "1515"]
[BlackElo "1610"]
[PlyCount "80"]
[EventDate "2011.01.14"]
[EventType "swiss"]
[EventRounds "7"]
[EventCountry "ESP"]
[SourceTitle "EXT 2012"]
[Source "ChessBase"]
[SourceDate "2011.11.24"]
[SourceVersion "1"]
[SourceVersionDate "2011.11.24"]
[SourceQuality "1"]

1. e4 g6 2. d4 Bg7 3. Nc3 c5 4. Be3 Qb6 5. Nf3 Qb4 6. e5 cxd4 7. Bxd4 Nc6 8. Rb1 Nxd4 9. Nxd4 Bxe5 10. Ndb5 a6 11. a3 Qc5 12. Na4 Qc6 13. Nbc3 b5 14. Qe2 Bg7 15. Ne4 bxa4 16. c3 Bb7 17. f3 Nf6 18. Rd1 Nxe4 19. Qxe4 Qxe4+ 20. fxe4 Bxe4 21. Rd2 Bc6 22. Bc4 0-0 23. Rf1 Bb5 24. Bxb5 axb5 25. Rxd7 e5 26. Rb7 Rab8 27. Re7 f5 28. Ke2 Rfd8 29. g4 f4 30. g5 Rd5 31. Rc1 Kf8 32. Rc7 e4 33. h4 f3+ 34. Ke3 Re8 35. Rc2 Rd3+ 36. Kf2 e3+ 37. Kxf3 e2+ 38. Kg2 e1Q 39. Rf2+ Kg8 40. Rcf7 Rd2 0-1

[Event "Cerdanyola del Valles op 28th"]
[Site "Cerdanyola del Valles"]
[Date "2010.10.09"]
[Round "2"]
[White "Garcia Extremera, Manuel"]
[Black "Carro Bonet, Jaume"]
[Result "1-0"]
[WhiteElo "1452"]
[BlackElo "1679"]
[PlyCount "119"]
[EventDate "2010.10.02"]
[EventType "swiss"]
[EventRounds "7"]
[EventCountry "ESP"]
[SourceTitle "EXT 2012"]
[Source "ChessBase"]
[SourceDate "2011.11.24"]
[SourceVersion "1"]
[SourceVersionDate "2011.11.24"]
[SourceQuality "1"]

1. d4 d5 2. c4 c6 3. b3 Bf5 4. Nf3 Nf6 5. Nc3 e6 6. Bb2 Qa5 7. Nd2 Nbd7 8. c5 b6 9. cxb6 axb6 10. e3 Be7 11. Be2 0-0 12. 0-0 Rfc8 13. h3 Bb4 14. Qc1 Be7 15. a3 c5 16. b4 Qa7 17. g4 Bg6 18. Qd1 cxd4 19. exd4 Nb8 20. Nf3 Nbd7 21. Nh4 Be4 22. Nxe4 Nxe4 23. Nf3 Nc3 24. Qd3 Nxe2+ 25. Qxe2 Qb8 26. Rfc1 Rxc1+ 27. Rxc1 b5 28. Ne5 Nxe5 29. dxe5 Qb6 30. Kg2 Bg5 31. Rc5 Rb8 32. Qc2 Bd8 33. Bd4 Qb7 34. f4 Be7 35. Rc7 Qa6 36. Rxe7 Qxa3 37. Qc7 Qa2+ 38. Bf2 Rf8 39. Qc6 Qb1 40. Qxb5 Qe4+ 41. Kg3 d4 42. Re8 g6 43. Rxf8+ Kxf8 44. Qc5+ Kg7 45. Bxd4 Qd3+ 46. Kh4 h6 47. Qc3 Qe4 48. Qe3 Qb1 49. f5 gxf5 50. Kh5 fxg4 51. Qxh6+ Kg8 52. Qg5+ Kh8 53. Qxg4 Qxb4 54. Qf4 Qf8 55. Qf6+ Kh7 56. Be3 Qe8 57. Bh6 Qg8 58. Bg5 Qf8 59. Qh6+ Kg8 60. Bf6 1-0

[Event "Barcelona La Lira-B 13th"]
[Site "Barcelona"]
[Date "2010.07.27"]
[Round "4"]
[White "Lopez Bergos, Pablo"]
[Black "Garcia Extremera, Manuel"]
[Result "1-0"]
[WhiteElo "1576"]
[BlackElo "1464"]
[PlyCount "71"]
[EventDate "2010.07.24"]
[EventType "tourn"]
[EventRounds "9"]
[EventCountry "ESP"]
[SourceTitle "EXT 2011"]
[Source "ChessBase"]
[SourceDate "2010.11.26"]
[SourceVersion "1"]
[SourceVersionDate "2010.11.26"]
[SourceQuality "1"]

1. e4 c5 2. Nf3 d6 3. d4 cxd4 4. Nxd4 Nf6 5. Nc3 a6 6. Bg5 e6 7. f4 Be7 8. Qf3 h6 9. Bh4 0-0 10. g4 e5 11. g5 Bg4 12. Qg3 exf4 13. Qxf4 hxg5 14. Bxg5 Nbd7 15. Be2 Bxe2 16. Ndxe2 Nh5 17. Qf3 Bxg5 18. Qxh5 g6 19. Qf3 Ne5 20. Qf2 Bh4 21. Ng3 f5 22. exf5 Rxf5 23. Qg2 Nf3+ 24. Kd1 Bxg3 25. Qxg3 Qf6 26. Kc1 Qe6 27. b3 b5 28. Rf1 Qe3+ 29. Kb2 Kg7 30. Rae1 Qxe1 31. Rxe1 Nxe1 32. Qxe1 Raf8 33. Qe7+ Kh6 34. Qxd6 R8f6 35. Qg3 Rf4 36. Nd5 1-0